<?xml version="1.0" encoding="UTF-8"?>
<record
    xmlns:xsi="http://www.w3.org/2001/XMLSchema-instance"
    xsi:schemaLocation="http://www.loc.gov/MARC21/slim http://www.loc.gov/standards/marcxml/schema/MARC21slim.xsd"
    xmlns="http://www.loc.gov/MARC21/slim">

  <leader>04609cam a2200217 i 4500</leader>
  <controlfield tag="001">18514146</controlfield>
  <controlfield tag="005">20170825113855.0</controlfield>
  <controlfield tag="008">150206s2016    enk      b    001 0 eng c</controlfield>
  <datafield tag="020" ind1=" " ind2=" ">
    <subfield code="a">9780190248031 (hardcover : acidfree paper)</subfield>
  </datafield>
  <datafield tag="040" ind1=" " ind2=" ">
    <subfield code="c">PK-LaUMT</subfield>
  </datafield>
  <datafield tag="082" ind1="0" ind2="0">
    <subfield code="a">289.3082</subfield>
    <subfield code="2">23</subfield>
    <subfield code="b">MOR-</subfield>
  </datafield>
  <datafield tag="245" ind1="0" ind2="0">
    <subfield code="a">Mormon feminism :</subfield>
    <subfield code="b">essential writings /</subfield>
    <subfield code="c">edited by Joanna Brooks, Rachel Hunt Steenblik, and Hannah Wheelwright.</subfield>
  </datafield>
  <datafield tag="260" ind1=" " ind2=" ">
    <subfield code="a">Oxford :</subfield>
    <subfield code="b">Oxford University Press,</subfield>
    <subfield code="c">2016</subfield>
  </datafield>
  <datafield tag="300" ind1=" " ind2=" ">
    <subfield code="a">xvi, 324 p. ;</subfield>
    <subfield code="c">25 cm</subfield>
  </datafield>
  <datafield tag="520" ind1="0" ind2=" ">
    <subfield code="a">Women in dialogue : an introduction / Claudia Lauper Bushman -- Exponent 2 is born / Claudia Lauper Bushman -- Millie's mother's red dress / Carol Lynn Pearson -- Hide and seek / Claire Peterson -- The implications of feminism for BYU / Elouise Bell -- Mormon sisters : feminists / Judith Rasmussen Dushku -- First grief / Margaret Munk -- Church and politics at the Utah IWY / Dixie Snow Huefner -- "My revolution" : excerpts from Housewife to heretic / Sonia Johnson -- "The church was once in the forefront of the women's movement" : speech to the Senate Constitutional Rights Subcommittee / Sonia Johnson -- Patriarchal panic : sexual politics in the Mormon Church / Sonia Johnson -- The Mormon concept of a Mother in Heaven / Linda Wilcox -- Another prayer and Let my sisters do for me / Lisa Hawkins Bolin -- Motherless house / Carol Lynn Pearson -- A gift given, a gift taken : washing, anointing, and blessing the sick among Mormon women / Linda King Newell -- Mormon women and the struggle for definition : the nineteenth-century church / Carol Cornwall Madsen -- Pink dialogue and beyond / Laurel Thatcher Ulrich -- Women and priesthood / Nadine Hansen -- Selections from Mormon women speak : A purple rose / Reva Beth Russell ; Expanding the vision / Cherie Taylor Pederson -- Across the generations / Mary Bradford -- The missing rib : the forgotten place of queens and priestessses in the establishment of Zion / Margaret Toscano -- An elegy in lower case (for President Spencer W. Kimball) / Linda Sillitoe -- Lusterware / Laurel Thatcher Ulrich -- The day of the lambs and the lions / Judith Rasmussen Dushku -- Wife #3 / Violet Tew Kimball -- A walk in the pink moccasins / Carol Lynn Pearson -- The meeting and When nice ain't so nice / Elouise Bell -- Mormonism's odd couple : the priesthood-motherhood connection / Sonja Farnsworth -- I am a Mormon, and I am for choice / Cecilia Konchar Farr -- Mother wove the morning / Carol Lynn Pearson -- The blessing / Susan Elizabeth Howe -- Put on your strength, O daughters of Zion : claiming priesthood and knowing the Mother / Margaret Toscano -- The LDS intellectual community and church leadership : a contemporary chronology / Lavina Fielding Anderson -- White roses : statement -- Border crossings / Laurel Thatcher Ulrich -- Toward a Mormon theology of God the Mother / Janice Allred -- Towards a feminist interpretation of Latter-day Saint scripture / Lynn Matthews Anderson -- Dancing through the doctrine / Cecilia Konchar Farr -- I have an answer / Lynn Matthews Anderson -- Could feminism have saved the Nephites? / Carol Lynn Pearson -- Where have all the Mormon feminists gone / Joanna Brooks -- Power hungry / Lorie Winder Stromberg -- There is always a struggle / Chieko Nishimura Okazaki -- The trouble with chicken patriarchy / Kynthia Taylor -- What women know -- 13 articles of faith of healthy chastity / Lisa Butterworth -- Invocation / Benediction / Joanna Brooks -- Two trees / Valerie Hudson Cassler -- Dear Mom / Chelsea Shields Strayer -- To do the business of the church : a cooperative paradigm for examining gendered participation within church organizational structure / Neylan McBaine -- Now I have the power / Meghan Raynes -- All are alike unto God / What Women Know Collective -- Equality is not a feeling / Kate Kelly -- On black bodies in white spaces : conversations on women's ordination and women of African descent in the Church of Jesus Christ of Latter-day Saints / Janan Graham -- Ordain women, but-- : a womanist perspective / Gina Colvin -- Rejoice in the diversity of our sisterhood / Lani Wendt Young -- Claim yourself : finding validation and purpose without institutional approval / Trine Thoma Nelson -- The Mormon priestess : LDS temple theology of womanhood / Liz Hammond -- Welcome baby, you are home / Rachel Hunt Steenblik -- Pioneers / Carol Lynn Pearson.</subfield>
  </datafield>
  <datafield tag="650" ind1=" " ind2="0">
    <subfield code="a">Feminism</subfield>
    <subfield code="x">Religious aspects</subfield>
    <subfield code="x">Church of Jesus Christ of Latter-day Saints.</subfield>
  </datafield>
  <datafield tag="700" ind1="1" ind2=" ">
    <subfield code="a">Brooks, Joanna,</subfield>
  </datafield>
  <datafield tag="700" ind1="1" ind2=" ">
    <subfield code="a">Steenblik, Rachel Hunt,</subfield>
  </datafield>
  <datafield tag="700" ind1="1" ind2=" ">
    <subfield code="a">Wheelwright, Hannah,</subfield>
  </datafield>
  <datafield tag="942" ind1=" " ind2=" ">
    <subfield code="c">BK</subfield>
  </datafield>
  <datafield tag="999" ind1=" " ind2=" ">
    <subfield code="c">97658</subfield>
    <subfield code="d">97658</subfield>
  </datafield>
  <datafield tag="952" ind1=" " ind2=" ">
    <subfield code="0">0</subfield>
    <subfield code="1">0</subfield>
    <subfield code="4">0</subfield>
    <subfield code="7">0</subfield>
    <subfield code="a">01</subfield>
    <subfield code="b">01</subfield>
    <subfield code="d">2017-08-25</subfield>
    <subfield code="l">1</subfield>
    <subfield code="o">289.3082 MOR-</subfield>
    <subfield code="p">113241</subfield>
    <subfield code="r">2018-05-31 00:00:00</subfield>
    <subfield code="s">2018-05-24</subfield>
    <subfield code="w">2017-08-25</subfield>
    <subfield code="y">BK</subfield>
  </datafield>
</record>
